[Event "III Weekend A"]
[Site "Porto Sant'Elpidio ITA"]
[Date "2000.10.29"]
[Round "5"]
[White "Mircoli, Filippo"]
[Black "Ragnini, Damiano"]
[Result "1-0"]
[WhiteElo "1537"]
[BlackElo "1356"]
[PlyCount "110"]
[EventDate "2000.10.21"]

1.e4 c5 2.Nf3 Nc6 3.d4 cxd4 4.Nxd4 Nf6 5.Nc3 e5 6.Ndb5 d6 7.Bg5 a6 8.Na3 
b5 9.Nd5 Be7 10.Nxe7 Nxe7 11.Bd3 Bb7 12.Bxf6 gxf6 13.c3 Bc8 14.Nc2 Rg8 15.
g3 Bg4 16.f3 Bh5 17.Ne3 Qd7 18.g4 Bg6 19.Qe2 h5 20.O-O-O d5 21.exd5 Nxd5 
22.Nxd5 Qxd5 23.Bxg6 Qxa2 24.Bb1 Qe6 25.Rhg1 h4 26.Bf5 Qa2 27.f4 Qa1+ 28.
Bb1 Qa4 29.fxe5 Qf4+ 30.Qd2 Qxd2+ 31.Rxd2 fxe5 32.h3 Ke7 33.Rf1 a5 34.Ba2 
Rg7 35.Rd5 f6 36.Rxb5 Ra7 37.Rb6 f5 38.Rxf5 Kd7 39.Rxe5 Kc7 40.Rh6 Ra8 41.
Rxh4 Rf8 42.Rxa5 Rf1+ 43.Kc2 Kb6 44.Ra6+ Kb7 45.Rhh6 Rf2+ 46.Kb3 Rd7 47.
Rhb6+ Kc8 48.Ka3 Rd1 49.Ra7 Re2 50.Rh6 Kb8 51.Rg7 Rd8 52.Rhh7 Red2 53.Rb7+
Ka8 54.Ra7+ Kb8 55.Rhb7+ Kc8 1-0

[Event "III Weekend A"]
[Site "Porto Sant'Elpidio ITA"]
[Date "2000.10.29"]
[Round "5"]
[White "Morici, Marco"]
[Black "Rinaudo, Claudio"]
[Result "1/2-1/2"]
[WhiteElo "1606"]
[BlackElo "1633"]
[PlyCount "71"]
[EventDate "2000.10.21"]

1.c4 e6 2.Nc3 d5 3.cxd5 exd5 4.d4 c6 5.Nf3 Bd6 6.Bg5 f6 7.Bd2 Bf5 8.Nh4 
Ne7 9.Nxf5 Nxf5 10.e3 O-O 11.Bd3 Ne7 12.O-O f5 13.Qb3 b6 14.Ne2 Qe8 15.
Rac1 Qh5 16.Ng3 Bxg3 17.hxg3 Rf6 18.Bb4 Rh6 19.f3 Re6 20.Kf2 Qg5 21.Rfe1 
Qf6 22.Qc2 g6 23.Bc3 Nd7 24.Qa4 Qf8 25.Bb4 Nb8 26.Qa3 Qd8 27.Rh1 h5 28.Rh3
a5 29.Rch1 Kf7 30.Bxe7 Qxe7 31.Bxf5 gxf5 32.Rxh5 Qxa3 33.Rh7+ Ke8 34.bxa3 
Nd7 35.Rh8+ Nf8 36.R1h7 1/2-1/2

[Event "III Weekend A"]
[Site "Porto Sant'Elpidio ITA"]
[Date "2000.10.29"]
[Round "5"]
[White "Rotoni, Fabrizio"]
[Black "Rotoni, Matteo"]
[Result "0-1"]
[WhiteElo "2095"]
[BlackElo "1831"]
[PlyCount "122"]
[EventDate "2000.10.21"]

1.e4 e6 2.d4 d5 3.Nd2 Nf6 4.Bd3 c5 5.c3 Nc6 6.Ngf3 Be7 7.O-O O-O 8.dxc5 
Bxc5 9.Qe2 Re8 10.e5 Nd7 11.Re1 f6 12.exf6 Nxf6 13.Nb3 Bb6 14.Nbd4 e5 15.
Nxc6 bxc6 16.Nxe5 Ng4 17.Nxg4 Rxe2 18.Bxe2 Qf8 19.Be3 Bf5 20.Bxb6 axb6 21.
Ne5 Qf6 22.Bf1 Re8 23.Ng4 Qd8 24.Ne3 Bg6 25.Rad1 Rf8 26.Rd4 Qa8 27.a3 Be4 
28.Red1 b5 29.Bd3 Bxd3 30.R1xd3 Qb8 31.Rd2 Qe5 32.R4d3 Re8 33.g3 Qe4 34.
Nc2 Qg6 35.Ne3 Re4 36.Kg2 h5 37.f3 Re8 38.h4 Re5 39.Kf2 Qe6 40.Ng2 Qh3 41.
Re3 Rxe3 42.Nxe3 Qh2+ 43.Ng2 Qh1 44.Nf4 Qh2+ 45.Ng2 Kf7 46.Re2 Qh3 47.f4 
Qf5 48.Re5 Qc2+ 49.Re2 Qd3 50.Re3 Qb1 51.Re2 c5 52.Re5 Qxb2+ 53.Re2 Qxc3 
54.Ne3 d4 55.Nf5 d3 56.Nd6+ Kg8 57.Re8+ Kh7 58.Nf7 Qc2+ 59.Kf3 d2 60.Ng5+ 
Kh6 61.Re6+ g6 0-1

[Event "III Weekend A"]
[Site "Porto Sant'Elpidio ITA"]
[Date "2000.10.29"]
[Round "6"]
[White "Baleani, Emanuele"]
[Black "Basso, Fabrizio"]
[Result "0-1"]
[WhiteElo "1629"]
[BlackElo "1500"]
[PlyCount "84"]
[EventDate "2000.10.21"]

1.e4 e5 2.Nf3 Nf6 3.Nxe5 d6 4.Nf3 Nxe4 5.d4 d5 6.Bd3 Bd6 7.O-O O-O 8.Re1 
Re8 9.c4 c6 10.Qc2 Bf5 11.cxd5 cxd5 12.Nc3 Nxc3 13.Rxe8+ Qxe8 14.Bxf5 Ne4 
15.Qc8 Nc6 16.Qxb7 Rb8 17.Qd7 Nb4 18.Be3 Qxd7 19.Bxd7 Nc2 20.Rb1 Nc3 21.
Rf1 Rxb2 22.Ne1 Nxd4 23.g3 Nde2+ 24.Kg2 d4 25.Nd3 Rxa2 26.Bg5 h6 27.Bc1 a5
28.Re1 a4 29.Kf3 a3 30.Kg2 Nxc1 31.Nxc1 Ra1 32.Re8+ Kh7 33.Nb3 Ra2 34.Nxd4
Bc5 35.Nc2 g6 36.Nxa3 Bxa3 37.Kf1 Bc5 38.Rc8 Rxf2+ 39.Ke1 Rxh2 40.g4 Be3 
41.Kf1 Ne4 42.Re8 Ng3+ 0-1

[Event "III Weekend A"]
[Site "Porto Sant'Elpidio ITA"]
[Date "2000.10.29"]
[Round "6"]
[White "Brugnoni, Mauro"]
[Black "Gasparroni, Riccardo"]
[Result "1-0"]
[WhiteElo "1500"]
[BlackElo "1524"]
[PlyCount "31"]
[EventDate "2000.10.21"]

1.d4 d5 2.c4 e6 3.Nc3 Nf6 4.e3 c5 5.Nf3 Nc6 6.cxd5 exd5 7.dxc5 Bxc5 8.Bb5 
O-O 9.O-O Bg4 10.Be2 Re8 11.h3 Bh5 12.Na4 Bd6 13.b3 Qd7 14.Bb2 Be7 15.Rc1 
a6 16.Nb6 1-0

[Event "III Weekend A"]
[Site "Porto Sant'Elpidio ITA"]
[Date "2000.10.29"]
[Round "6"]
[White "Castura', Ilario"]
[Black "Mircoli, Filippo"]
[Result "1-0"]
[WhiteElo "1500"]
[BlackElo "1537"]
[PlyCount "49"]
[EventDate "2000.10.21"]

1.e4 c5 2.Nf3 Nc6 3.d4 cxd4 4.Nxd4 e6 5.Be2 d6 6.Be3 Nf6 7.Nc3 Be7 8.Qd2 
a6 9.Rd1 O-O 10.O-O b5 11.Nxc6 Qc7 12.Nxe7+ Qxe7 13.a3 Bb7 14.f3 Rac8 15.
Qxd6 Qe8 16.Bg5 Rc6 17.Qd2 Nh5 18.g4 f6 19.Be3 f5 20.gxh5 Qxh5 21.Rf2 e5 
22.Qd5+ Kh8 23.Qxe5 Rh6 24.Bxh6 Qxh6 25.Qe7 1-0

[Event "III Weekend A"]
[Site "Porto Sant'Elpidio ITA"]
[Date "2000.10.29"]
[Round "6"]
[White "Fioravanti, Diego"]
[Black "Rinaudo, Andrea"]
[Result "1-0"]
[WhiteElo "1618"]
[BlackElo "1813"]
[PlyCount "89"]
[EventDate "2000.10.21"]

1.e4 c5 2.f4 Nc6 3.Nf3 e6 4.d3 d5 5.Nbd2 dxe4 6.Nxe4 Nf6 7.Bd2 Be7 8.Be2 
O-O 9.O-O b6 10.Kh1 Bb7 11.Nfg5 h6 12.Nh3 Nxe4 13.dxe4 Nd4 14.c3 Nxe2 15.
Qxe2 Bxe4 16.Qxe4 Qxd2 17.f5 Qd5 18.Qg4 exf5 19.Rxf5 Qc6 20.Raf1 Rad8 21.
Nf4 Rd2 22.Nh5 Qg6 23.Qf3 Bd6 24.g3 Rxb2 25.Nf6+ Kh8 26.Nd7 Re8 27.Rxf7 
Ree2 28.Qa8+ Kh7 29.Nf6+ Qxf6 30.R7xf6 gxf6 31.Qxa7+ Kg6 32.Qa8 Kf7 33.
Qb7+ Ke6 34.Rd1 c4 35.Qd5+ Ke7 36.Qxd6+ Kf7 37.Qd5+ Kg7 38.a4 Rxh2+ 39.Kg1
Rhe2 40.Qxc4 h5 41.Kf1 Rf2+ 42.Ke1 Rh2 43.Rd7+ Kh6 44.Qf4+ Kg6 45.Qe4+ 1-0

[Event "III Weekend A"]
[Site "Porto Sant'Elpidio ITA"]
[Date "2000.10.29"]
[Round "6"]
[White "Fioravanti, Emidio"]
[Black "Bontempi, Piero"]
[Result "1-0"]
[WhiteElo "1825"]
[BlackElo "2273"]
[PlyCount "57"]
[EventDate "2000.10.21"]

1.e4 c5 2.Nf3 d6 3.d4 cxd4 4.Nxd4 Nf6 5.Nc3 g6 6.Bc4 Bg7 7.Bb3 Nc6 8.Be3 
O-O 9.f3 Bd7 10.Qd2 Rc8 11.Nxc6 bxc6 12.g4 Qa5 13.h4 Rfd8 14.Bh6 Bh8 15.h5
d5 16.hxg6 hxg6 17.Bg5 dxe4 18.Rxh8+ Kxh8 19.Bxf6+ exf6 20.Qh6+ Kg8 21.
Qxg6+ Kh8 22.Qxf6+ Kh7 23.Qxf7+ Kh6 24.Qf6+ Kh7 25.O-O-O Bxg4 26.Rh1+ Bh5 
27.Nxe4 Rg8 28.Bxg8+ Rxg8 29.Qf7+ 1-0

[Event "III Weekend A"]
[Site "Porto Sant'Elpidio ITA"]
[Date "2000.10.29"]
[Round "6"]
[White "Gasparroni, Daniele"]
[Black "Cerusico, Carlo"]
[Result "1/2-1/2"]
[WhiteElo "1485"]
[BlackElo "1431"]
[PlyCount "127"]
[EventDate "2000.10.21"]

1.d4 Nf6 2.c4 d6 3.Nc3 g6 4.Nf3 Bg7 5.Bf4 O-O 6.e3 b6 7.Bd3 Bb7 8.O-O Re8 
9.Re1 a6 10.Rb1 e6 11.b4 Nbd7 12.Na4 Rc8 13.c5 e5 14.Bg5 e4 15.c6 Bxc6 16.
Bxa6 Bxa4 17.Qxa4 Ra8 18.Nd2 d5 19.b5 Ra7 20.Qc2 Nb8 21.Rec1 Re7 22.Rb2 
Nxa6 23.bxa6 Rxa6 24.Qc6 Rd7 25.Rbc2 Ra7 26.Bf4 Ne8 27.Nb1 Bf8 28.Nc3 Ba3 
29.Rb1 Bd6 30.Nxd5 Bxf4 31.Nxf4 Nf6 32.Rd2 Rd6 33.Qc2 c6 34.Qb3 c5 35.Ne2 
Nd5 36.dxc5 bxc5 37.Qb8 Qxb8 38.Rxb8+ Kg7 39.Nf4 Rad7 40.Nxd5 Rxd5 41.Rxd5
Rxd5 42.Kf1 Rd2 43.Rc8 Rxa2 44.Rxc5 Kf6 45.f3 exf3 46.gxf3 Rxh2 47.Rc6+ 
Kg7 48.Kg1 Rh5 49.Kg2 Rg5+ 50.Kh3 Rg1 51.e4 g5 52.Rc2 h5 53.Kh2 Rf1 54.Rc3
Ra1 55.Rc5 Kg6 56.Rc6+ Kg7 57.e5 Re1 58.Rc5 Re3 59.Kg3 Kg8 60.Kf2 Ra3 61.
Rc4 Rd3 62.Re4 Kf8 63.e6 fxe6 64.Rxe6 1/2-1/2

[Event "III Weekend A"]
[Site "Porto Sant'Elpidio ITA"]
[Date "2000.10.29"]
[Round "6"]
[White "Luciani, Valerio"]
[Black "Rotoni, Matteo"]
[Result "1-0"]
[WhiteElo "2131"]
[BlackElo "1831"]
[PlyCount "111"]
[EventDate "2000.10.21"]

1.d4 Nf6 2.c4 c5 3.Nf3 cxd4 4.Nxd4 e5 5.Nb5 d5 6.cxd5 Bc5 7.Qc2 Na6 8.a3 
Nxd5 9.e3 O-O 10.Be2 Qe7 11.N1c3 Nf6 12.O-O Bb6 13.Na4 Bd8 14.b4 Nc7 15.
Bb2 Nxb5 16.Bxb5 Bg4 17.Qc5 e4 18.Rac1 Qe6 19.h3 Be7 20.Qe5 Bd6 21.Qxe6 
Bxe6 22.Nc5 Bc8 23.Rfd1 Bb8 24.Bxf6 gxf6 25.Nxe4 Be5 26.f4 Bb2 27.Rb1 Bf5 
28.Rxb2 Bxe4 29.Bd3 Rfd8 30.Rbd2 Bxd3 31.Rxd3 Rxd3 32.Rxd3 Rc8 33.Rd7 Rc3 
34.Rxb7 Rxa3 35.Kf2 Kg7 36.Kf3 a5 37.bxa5 Rxa5 38.Re7 Kf8 39.Rd7 f5 40.
Rd8+ Kg7 41.Re8 f6 42.g4 fxg4+ 43.hxg4 Ra7 44.Rd8 Kf7 45.Rd5 h6 46.Ke4 Kg6
47.Rd8 Re7+ 48.Kd4 Kf7 49.Rd6 Ra7 50.Rc6 Re7 51.f5 Rd7+ 52.Ke4 Ke7 53.Kf4 
Ra7 54.e4 Kf7 55.Ke3 Rd7 56.e5 1-0

[Event "III Weekend A"]
[Site "Porto Sant'Elpidio ITA"]
[Date "2000.10.29"]
[Round "6"]
[White "Ragnini, Damiano"]
[Black "Offidani, Andrea"]
[Result "0-1"]
[WhiteElo "1356"]
[BlackElo "1452"]
[PlyCount "72"]
[EventDate "2000.10.21"]

1.e4 e5 2.f4 d6 3.Bc4 Nf6 4.Nc3 Be7 5.Nf3 Nc6 6.O-O Bg4 7.d3 O-O 8.h3 Bxf3
9.Rxf3 Nd4 10.Rg3 c6 11.f5 Re8 12.Bg5 Bf8 13.a4 Qb6 14.Be3 Qxb2 15.Bxd4 
exd4 16.Ne2 Qb6 17.Rb1 Qc7 18.Qd2 d5 19.exd5 cxd5 20.Bb5 Rxe2 21.Qxe2 Qxg3
22.Kh1 Bd6 23.Kg1 Qe3+ 24.Kf1 Re8 25.Re1 Bg3 26.Qxe3 dxe3 27.Re2 d4 28.Bc4
Re5 29.Bb5 Rxf5+ 30.Kg1 Nd5 31.c4 dxc3 32.Bd7 Rf2 33.Re1 Rxg2+ 34.Kxg2 
Bxe1 35.Bc8 b6 36.Bb7 Nb4 0-1

[Event "III Weekend A"]
[Site "Porto Sant'Elpidio ITA"]
[Date "2000.10.29"]
[Round "6"]
[White "Rinaudo, Claudio"]
[Black "Negri, Jacopo"]
[Result "1/2-1/2"]
[WhiteElo "1633"]
[BlackElo "1600"]
[PlyCount "76"]
[EventDate "2000.10.21"]

1.d4 e6 2.c4 d5 3.e3 Nf6 4.Nc3 c6 5.Nf3 dxc4 6.Bxc4 b5 7.Bd3 Bb7 8.O-O a6 
9.Ne4 Nbd7 10.Nxf6+ Qxf6 11.Be4 Bd6 12.b3 O-O 13.Bb2 Qe7 14.Rc1 Rac8 15.
Qe2 Nf6 16.Nd2 Ba3 17.Bxa3 Qxa3 18.Rc2 Nd5 19.Bxd5 cxd5 20.Rfc1 Qxc1+ 21.
Rxc1 Rxc1+ 22.Nf1 Rfc8 23.g3 R8c2 24.Qg4 Rxa2 25.Qg5 f6 26.Qf4 e5 27.Qf5 
Bc8 28.Qh5 g6 29.Qh4 Raa1 30.Kg2 Rxf1 31.dxe5 Rfc1 32.Qxf6 Ra2 33.e6 Bxe6 
34.Qxe6+ Kg7 35.Qe5+ Kh6 36.Qe7 Rcc2 37.Qf8+ Kh5 38.Qf3+ Kh6 1/2-1/2

[Event "III Weekend A"]
[Site "Porto Sant'Elpidio ITA"]
[Date "2000.10.29"]
[Round "6"]
[White "Rinaudo, Sergio"]
[Black "Morici, Marco"]
[Result "1-0"]
[WhiteElo "1783"]
[BlackElo "1606"]
[PlyCount "116"]
[EventDate "2000.10.21"]

1.d4 e6 2.Nf3 Nf6 3.e3 b6 4.Bd3 Bb7 5.O-O Be7 6.b3 Nc6 7.c4 Nb4 8.Be2 c5 
9.Nc3 Ne4 10.Nxe4 Bxe4 11.a3 Na6 12.Bd3 Bxd3 13.Qxd3 Bf6 14.Rb1 d6 15.d5 
O-O 16.dxe6 fxe6 17.Rd1 Qc8 18.Nd2 Rd8 19.Ne4 Be7 20.Bb2 d5 21.Qc3 Bf8 22.
Ng3 Qd7 23.Rd2 Qf7 24.Rbd1 Nc7 25.Qe5 Rd7 26.Nh5 Rad8 27.Qg5 Ne8 28.cxd5 
exd5 29.Nf4 Be7 30.Qg4 Bf6 31.Bxf6 Nxf6 32.Qf5 g6 33.Qe5 Re8 34.Qb2 d4 35.
Re1 Rde7 36.Rde2 Nd5 37.Nxd5 Qxd5 38.exd4 Rxe2 39.Rxe2 Rxe2 40.Qxe2 Qxd4 
41.Qc4+ Qxc4 42.bxc4 Kf7 43.Kf1 Ke6 44.Ke2 Kd6 45.f4 Kc6 46.a4 a6 47.g4 
Kd6 48.h4 h6 49.Ke3 Ke7 50.Ke4 Ke6 51.f5+ gxf5+ 52.gxf5+ Kf6 53.Kf4 Kf7 
54.Ke5 Ke7 55.f6+ Kf7 56.Kf5 Kf8 57.Kg6 Kg8 58.f7+ Kf8 1-0

[Event "III Weekend A"]
[Site "Porto Sant'Elpidio ITA"]
[Date "2000.10.29"]
[Round "6"]
[White "Silvestri, Giorgio"]
[Black "Rotoni, Fabrizio"]
[Result "1/2-1/2"]
[WhiteElo "1584"]
[BlackElo "2095"]
[PlyCount "160"]
[EventDate "2000.10.21"]

1.d4 Nf6 2.c4 e6 3.Nf3 c5 4.e3 b6 5.Be2 Bb7 6.O-O Nc6 7.b3 cxd4 8.Nxd4 Be7
9.Bb2 O-O 10.Nd2 d5 11.N2f3 a6 12.Nxc6 Bxc6 13.Ne5 Bb7 14.Bf3 Bc5 15.a3 a5
16.Qc2 Qe7 17.Qc3 Rfd8 18.Rfd1 dxc4 19.Bxb7 Qxb7 20.Ng4 Be7 21.Qxc4 Rac8 
22.Qf4 Nxg4 23.Qxg4 g6 24.Rac1 Rxc1 25.Rxc1 Qd5 26.Qd4 f6 27.Qxd5 Rxd5 28.
g3 Rd3 29.Rc3 Rd2 30.Bc1 Rd1+ 31.Kg2 Bc5 32.Kf3 g5 33.e4 Kf7 34.Be3 Bxe3 
35.Rxe3 b5 36.Ke2 Ra1 37.Rc3 Rxa3 38.Rc7+ Kg6 39.Ra7 a4 40.bxa4 bxa4 41.
Ra6 e5 42.g4 Ra1 43.Kf3 a3 44.Kg2 Re1 45.Rxa3 Rxe4 46.f3 Re2+ 47.Kg3 h5 
48.gxh5+ Kxh5 49.Ra8 Kg6 50.Ra4 Rd2 51.Ra3 Kf5 52.h3 Rb2 53.Re3 Kg6 54.Ra3
Kh5 55.Ra8 Kg6 56.Ra6 Rd2 57.Rb6 Kf7 58.h4 gxh4+ 59.Kxh4 Rg2 60.Kh3 Rg8 
61.Rc6 Kg6 62.Kg4 Rd8 63.Kg3 Kf5 64.Kf2 Re8 65.Rc5 Re6 66.Ke3 Ra6 67.Kf2 
Rd6 68.Ke3 Rd4 69.Rb5 Rd6 70.f4 Ra6 71.fxe5 fxe5 72.Rb3 Rh6 73.Rb8 Rh3+ 
74.Kf2 Ra3 75.Rb4 e4 76.Rb8 Rd3 77.Rf8+ Ke5 78.Re8+ Kd4 79.Ke2 Re3+ 80.Kd2
Rh3 1/2-1/2